[Event "Portimao op"]
[Site "Portimao"]
[Date "2024.02.11"]
[Round "1"]
[White "Gomez Ledo, Roberto Carlos"]
[Black "Yin, Zeming"]
[Result "1-0"]
[WhiteElo "2425"]
[BlackElo "1696"]
[PlyCount "103"]
[EventDate "2024.02.11"]
[EventType "swiss"]
[EventRounds "9"]
[EventCountry "POR"]
[SourceTitle "CB09_2024"]
[SourceDate "2024.02.28"]
[SourceVersion "1"]
[SourceVersionDate "2024.02.28"]
[SourceQuality "1"]

1. Nf3 Nf6 2. b3 e6 3. Bb2 d5 4. e3 Bd6 5. d4 Nbd7 6. Nbd2 b6 7. Ne5 Bb7 8. Bd3 0-0 9. 0-0 Ne4 10. Qe2 c5 11. Nxe4 dxe4 12. Bc4 Bxe5 13. dxe5 Qg5 14. h4 Qxh4 15. Rad1 Rad8 16. Rd6 Nb8 17. Rfd1 Qg5 18. Qd2 Rc8 19. Bb5 Bc6 20. a4 Bd5 21. Be2 Bc6 22. Bb5 Bd5 23. c4 Bc6 24. a5 Qe7 25. Bc3 Qb7 26. axb6 Bxb5 27. cxb5 axb6 28. Ra1 h6 29. Ra4 Rc7 30. Qc2 c4 31. bxc4 Nd7 32. Bd4 Ra8 33. Qa2 Rac8 34. Ra6 Nc5 35. Rdxb6 Nxa6 36. Rxb7 Rxb7 37. Qxa6 Rbb8 38. b6 Kh7 39. c5 Rc6 40. Qb5 Rcc8 41. c6 h5 42. b7 Rc7 43. Bc5 Rd8 44. Bd6 Rcc8 45. Qb6 g5 46. c7 Re8 47. bxc8Q Rxc8 48. Qb8 Rxb8 49. cxb8Q Kg6 50. Qg8+ Kf5 51. Qxf7+ Kg4 52. Qxe6+ 1-0

[Event "Canadian op"]
[Site "Calgary"]
[Date "2023.07.27"]
[Round "7"]
[White "Ratte, Cameron"]
[Black "Yin, Zeming"]
[Result "1/2-1/2"]
[WhiteElo "1781"]
[BlackElo "1748"]
[PlyCount "74"]
[EventDate "2023.07.22"]
[EventType "swiss"]
[EventRounds "10"]
[EventCountry "CAN"]
[SourceTitle "EXT 2024"]
[Source "ChessBase"]
[SourceDate "2023.10.10"]
[SourceVersion "1"]
[SourceVersionDate "2023.10.10"]
[SourceQuality "1"]

1. e4 c6 2. d4 d5 3. exd5 cxd5 4. Bd3 Nc6 5. c3 Qc7 6. Ne2 Bg4 7. 0-0 Bxe2 8. Qxe2 e6 9. Nd2 Bd6 10. Nf3 Nge7 11. Re1 Ng6 12. g3 a6 13. Ng5 Nce7 14. f4 0-0 15. Qh5 h6 16. Nxe6 fxe6 17. Bxg6 Nxg6 18. Qxg6 Rf6 19. Qg4 Qf7 20. Bd2 Rf8 21. Re2 h5 22. Qh3 Rf5 23. Rae1 Re8 24. a4 Qg6 25. Qg2 Kf7 26. h3 Rf6 27. Rf1 Kg8 28. h4 Ref8 29. Rfe1 Re8 30. Qf3 Qf5 31. Kg2 g6 32. Ra1 Rc8 33. Rc1 Rf7 34. Ree1 Rfc7 35. Qe2 Kf7 36. b4 Rc4 37. b5 a5 1/2-1/2